MDQL
is popping MORE tags! Check the
thread
!
Quizzes
Events
Quiz Creation
Community
Videos
Private Events
Remove Ads
Sign In
Join for FREE
Feedback
Dark Mode
Quiz Categories
Sports
Geography
Music
Movies
Television
Just For Fun
Miscellaneous
History
Literature
Language
Science
Gaming
Entertainment
Religion
Holiday
For Kids
Quiz Lab
Recent
Popular Today
Quiz Kudos Today
Editor Picks
Curator Picks
Quizzes by...
Day
Popularity
Type
Ratings
Length
Year
Community
Subscriptions
Recent Discussions
Orange Saloon
Badges
Playlists
Quests
Create
Leaderboards
Showdown
Live 5
Trivia Bingo
Activity
Puzzle Library
Sporcle Events
Private Events
Virtual Trivia
Globe League
Become a Host
Pub Owners
SporcleCon
Opinionation
Our Games
Videos
Blog
Mobile Apps
Partnerships
Remove Ads and Go Orange
Feedback
Music
Pop Music
The Beatles
Song
Album
Lyrics
Bands
Singers
Artist
Clip
Rock
Rap
Classical
Billboard
Country Music
Kpop
Taylor Swift
Music
Pop Music
The Beatles
Song
Album
Lyrics
Bands
Singers
Artist
Clip
Rock
Rap
Classical
Billboard
Country Music
Kpop
Taylor Swift
Random Quiz
Search Sporcle
×
Quiz Lab
Quiz Lab
Music
Lyrics
Type in answers that appear in a list
Type in answers that appear in a list
Classic
Best Score? Go Orange.
Let It Be (song) Stats
Can you name the lyrics to the Beatles' Let It Be?
By
Tombombadil93
4m
31 Questions
372 Plays
372 Plays
372 Plays
Comments
Comments
Give Quiz Kudos
Give Quiz Kudos
-
- Ratings
hide this ad
Forced Order
Answers have to be entered in order
Answers have to be entered in order
Replay
Link that replays current quiz
Next Quiz
Link to next quiz in quiz playlist
You Got
0%
They Got
Avg Score
64%
Avg Friend Score
Upgrade to see
Score Distribution
Jump to the score distribution portion of the page
Score
0/31
Timer
04:00
0
Plays Today
Lyric
Missing Lyrics
% Correct
Let...
it be
99.2%
Speaking words...
of wisdom,
98.4%
Mother Mary...
comes to me
94.9%
When I find myself in...
times of trouble
94.1%
She is standing right...
in front of me
88.7%
Let...
it be
85.5%
Whisper...
words of wisdom
83.3%
Let it be,...
let it be, let it be, let it be
78.8%
Speaking words...
of wisdom, let it be
76.3%
And in my...
hour of darkness
76.1%
Let it be,...
let it be, let it be, let it be
69.4%
Whisper...
words of wisdom
68.8%
There will be...
an answer, let it be
67.7%
Let it be,...
let it be, let it be, let it be
67.5%
Let it be,...
let it be, let it be, let it be
67.2%
Whisper...
words of wisdom
66.7%
Lyric
Missing Lyrics
% Correct
Yeah there will be...
an answer, let it be
64.2%
Living in the...
world agree
54.6%
Mother Mary...
comes to me
54.3%
Speaking words of...
wisdom, let it be
53.8%
And when the...
broken hearted people
51.6%
Let it be,...
let it be, let it be, let it be
51.6%
Let it be,...
let it be, let it be, let it be
46.2%
Shine on...
until tomorrow, let it be
45.4%
I wake up to...
the sound of music
45.4%
Whisper words...
of wisdom
45.4%
Let it...
be
45.2%
There is still...
a light that shines on me
43%
Let...
it be
39.8%
And when the night...
is cloudy
39.5%
There will...
be an answer, let it be
35.2%
Quiz Playlist
Details
Report
Send in Message
Add To Playlist
Classic:
Type in answers that appear in a list
Forced Order:
Answers have to be entered in order
Last Updated: Apr 3, 2017
Quiz Scoreboard
CHALLENGE
Sign Up to Join the Scoreboard
Show All
Scores
Hide
Comments
May contain spoilers
Recently Published
Colored Red Africa Blitz
by spor1
Geography
30s
Find the 'City' Movie
by crazypaving
Movies
60s
5x2 Blitz: Bands
by SL_Kpop136
Music
30s
More to Explore
Quiz From the Vault
Featured Blog Post
14 Easter Pick-up Lines to Find Eggs With
hide this ad
You Might Also Like...
Tags
Lyrics Quiz
Song Quiz
let
Today's Top Quizzes in Music
Browse Music
hide this ad
Today's Top Quizzes in Lyrics
Browse Lyrics
Top Contributed Quizzes in Music
1
5X2 Blitz: Bands II
2
5X2 Blitz: The Beatles
3
Taylor Swift All Songs (2024)
4
5X2 Blitz: Billboard
5
Taylor Swift Logic Puzzle II
6
5X2 Blitz: Billboard II
7
Taylor Swift Logic Puzzle
8
5X2 Blitz: Rock
9
5X2 Blitz: Singers
10
5X2 Blitz: Album
Explore More
Trending Topics
NBA
Marvel
Crossword
Harry Potter
Disney
Anime
Kpop
Pokémon
NFL
WWE
Soccer
The Office
Country
Song
Puzzle
hide this ad
More By:
Tombombadil93
Quiz
Plays
Rating
Category
Featured
Created
England 2003 World Cup Winning Rugby Team
965
5.00
Sports
Apr 17, 2010
Biggest Mountain/River In Each Continent
573
3.00
Geography
Apr 22, 2010
2005 Ashes Squads
404
4.00
Sports
Apr 19, 2010
Let It Be (song)
372
3.29
Music
Apr 21, 2010
Artists With 5+ UK Number 1's
277
3.00
Music
Apr 17, 2010
Go to Creator's Profile
Score Distribution
Quiz Creator Spotlight
Tombombadil93
Follow
Send a Message
Quizzes Created
-
Created Quiz Play Count
-
More By This Creator
Popular Quizzes Today
1
Colored Red Africa Blitz
2
Find the 'City' Movie
3
5x2 Blitz: Bands
4
Find the US States - No Outlines Minefield
5
The Countries of the World
6
Find the US States
7
US States
8
Find the Countries of Europe - No Outlines Minefield
More Music Quizzes
Taylor Swift's 'peace' lyrics
Quiz Lab
Trending Quizzes
Colored Red Europe Blitz I
Colored Red Europe Blitz II
Colored Red Africa Blitz II
Colored Red Europe Blitz III
Colored Red Africa Blitz III
Recently Updated
How Do You Spell That?
pecheneg
Godzilla Movies
pecheneg
Grab Bag: 4-10 Letters
pecheneg
2024 March Madness Bracket
pecheneg
Famous TV Couples
Peacemaker
Champions League XIs: Real Madrid
pecheneg
Largest US Cities 1790-2010
pecheneg
Rides in Walt Disney World
pecheneg
Most Oscar Losses (Acting)
pecheneg
Beyoncé Albums
pecheneg
Trending Topics
Crossword
Disney
Kpop
Marvel
Harry Potter
NBA
Anime
The Office
Country
NFL
Pokémon
Song
WWE
Puzzle
Soccer
Your Account Isn't Verified!
In order to create a playlist on Sporcle, you need to verify the email address you used during registration. Go to your
Sporcle Settings
to finish the process.
Report this User
Report this user for behavior that violates our
Community Guidelines
.
Details:
Send Report
Go to the Sporcle.com Mobile Site →
Comments